15 Largest Cities in Each State - Statistics

General Stats
  • This quiz has been taken 45 times
  • The average score is 167 of 495
Answer Stats
State Population Starting letter City % Correct
Alabama 212,297 B Birmingham
97%
Arizona 1,633,017 P Phoenix
94%
Alaska 293,531 A Anchorage
90%
Arizona 499,720 M Mesa
90%
Arizona 541,482 T Tucson
90%
Georgia 488,800 A Atlanta
87%
Alabama 196,219 H Huntsville
87%
Alaska 32,227 J Juneau
87%
Alabama 190,432 M Mobile
87%
Alabama 199,783 M Montgomery
87%
Louisiana 390,845 N New Orleans
87%
Georgia 201,852 A Augusta
84%
Maine 18,605 A Augusta
84%
Maryland 609,032 B Baltimore
84%
Idaho 226,115 B Boise
84%
Alaska 31,551 F Fairbanks
84%
Nebraska 475,862 O Omaha
84%
Maine 66,595 P Portland
84%
Louisiana 224,149 B Baton Rouge
81%
California 525,010 F Fresno
81%
Hawaii 348,985 H Honolulu
81%
Mississippi 166,383 J Jackson
81%
Arkansas 197,958 L Little Rock
81%
California 3,966,936 L Los Angeles
81%
California 1,409,573 S San Diego
81%
California 874,961 S San Francisco
81%
Georgia 145,403 S Savannah
81%
Colorado 369,111 A Aurora
77%
Illinois 199,927 A Aurora
77%
Massachusetts 684,379 B Boston
77%
Illinois 2,709,534 C Chicago
77%
Colorado 705,576 D Denver
77%
Florida 890,467 J Jacksonville
77%
North Carolina 73,025 J Jacksonville
77%
Nevada 634,773 L Las Vegas
77%
Nebraska 283,839 L Lincoln
77%
Florida 454,279 M Miami
77%
Delaware 33,448 N Newark
77%
New Jersey 281,054 N Newark
77%
Nevada 246,500 R Reno
77%
California 1,027,690 S San Jose
77%
Arizona 250,602 S Scottsdale
77%
Louisiana 192,035 S Shreveport
77%
Illinois 115,888 S Springfield
77%
Massachusetts 154,139 S Springfield
77%
Missouri 167,051 S Springfield
77%
Florida 387,916 T Tampa
77%
California 377,917 B Bakersfield
74%
Connecticut 145,639 B Bridgeport
74%
Arizona 252,692 C Chandler
74%
Colorado 464,871 C Colorado Springs
74%
Michigan 674,841 D Detroit
74%
Arkansas 85,166 F Fayetteville
74%
North Carolina 210,432 F Fayetteville
74%
Arizona 247,813 G Glendale
74%
Indiana 874,005 I Indianapolis
74%
Kentucky 617,790 L Louisville
74%
Minnesota 420,324 M Minneapolis
74%
Nevada 241,369 N North Las Vegas
74%
Florida 280,832 O Orlando
74%
Arizona 168,196 P Peoria
74%
Illinois 113,532 P Peoria
74%
Minnesota 115,557 R Rochester
74%
New Hampshire 30,955 R Rochester
74%
New York 206,848 R Rochester
74%
Kansas 389,877 W Wichita
74%
Delaware 70,644 W Wilmington
74%
North Carolina 120,194 W Wilmington
74%
California 349,964 A Anaheim
71%
Montana 109,595 B Billings
71%
Iowa 215,636 D Des Moines
71%
Connecticut 123,088 H Hartford
71%
Kentucky 28,625 H Henderson
71%
Nevada 300,116 H Henderson
71%
New Jersey 261,940 J Jersey City
71%
Kansas 152,522 K Kansas City
71%
Missouri 486,404 K Kansas City
71%
Indiana 72,581 L Lafayette
71%
Louisiana 126,666 L Lafayette
71%
Connecticut 130,331 N New Haven
71%
New York 8,419,316 N New York City
71%
California 425,097 O Oakland
71%
California 500,930 S Sacramento
71%
Minnesota 304,547 S St. Paul
71%
Alabama 99,390 T Tuscaloosa
71%
New Mexico 559,374 A Albuquerque
68%
Georgia 126,176 A Athens
68%
Florida 180,124 F Fort Lauderdale
68%
Indiana 265,752 F Fort Wayne
68%
Michigan 198,401 G Grand Rapids
68%
Kentucky 320,601 L Lexington
68%
California 326,414 R Riverside
68%
California 332,794 S Santa Ana
68%
California 309,228 S Stockton
68%
Missouri 57,273 S St. Peters
68%
Florida 261,338 S St. Petersburg
68%
Florida 191,279 T Tallahassee
68%
Massachusetts 185,143 W Worcester
68%
Delaware 37,523 D Dover
65%
New Hampshire 31,577 D Dover
65%
Arizona 72,402 F Flagstaff
65%
California 466,776 L Long Beach
65%
Georgia 153,200 M Macon
65%
Connecticut 57,805 M Manchester
65%
New Hampshire 112,109 M Manchester
65%
Illinois 147,501 N Naperville
65%
Arizona 96,349 Y Yuma
65%
New York 256,480 B Buffalo
61%
North Carolina 857,425 C Charlotte
61%
Maryland 103,991 C Columbia
61%
Missouri 121,230 C Columbia
61%
Arizona 243,254 G Gilbert
61%
Florida 234,539 H Hialeah
61%
Idaho 61,459 I Idaho Falls
61%
Michigan 117,159 L Lansing
61%
Missouri 308,174 S St. Louis
61%
New York 142,874 S Syracuse
61%
Arizona 187,454 T Tempe
61%
Iowa 132,301 C Cedar Rapids
58%
California 268,920 C Chula Vista
58%
Georgia 195,739 C Columbus
58%
Nebraska 23,195 C Columbus
58%
New Hampshire 43,244 C Concord
58%
North Carolina 91,980 C Concord
58%
Minnesota 85,915 D Duluth
58%
Hawaii 45,056 H Hilo
58%
California 273,157 I Irvine
58%
Montana 73,710 M Missoula
58%
North Carolina 464,485 R Raleigh
58%
Illinois 147,070 R Rockford
58%
New Mexico 83,922 S Santa Fe
58%
Arizona 135,450 S Surprise
58%
Kansas 126,397 T Topeka
58%
New York 199,968 Y Yonkers
58%
Florida 183,942 C Cape Coral
55%
New Hampshire 16,481 D Durham
55%
North Carolina 269,702 D Durham
55%
Indiana 118,588 E Evansville
55%
Michigan 96,559 F Flint
55%
Colorado 165,609 F Fort Collins
55%
Montana 32,024 H Helena
55%
Georgia 94,498 R Roswell
55%
New Mexico 47,941 R Roswell
55%
Connecticut 129,309 S Stamford
55%
Georgia 73,478 A Albany
52%
Michigan 120,735 A Ann Arbor
52%
Maine 32,095 B Bangor
52%
Colorado 106,392 B Boulder
52%
Montana 46,746 B Bozeman
52%
Indiana 76,010 G Gary
52%
North Carolina 291,303 G Greensboro
52%
Illinois 147,826 J Joliet
52%
New Mexico 102,102 L Las Cruces
52%
New Jersey 145,710 P Paterson
52%
Mississippi 26,461 P Pearl
52%
Indiana 102,037 S South Bend
52%
Alabama 64,054 A Auburn
48%
Maine 23,187 A Auburn
48%
Massachusetts 116,632 C Cambridge
48%
Iowa 102,169 D Davenport
48%
Kentucky 27,680 F Frankfort
48%
Montana 58,835 G Great Falls
48%
Iowa 74,950 I Iowa City
48%
Idaho 93,952 N Nampa
48%
Kansas 191,011 O Overland Park
48%
Hawaii 45,605 P Pearl City
48%
New Hampshire 29,234 S Salem
48%
Iowa 82,531 S Sioux City
48%
New Jersey 83,412 T Trenton
48%
Illinois 78,015 B Bloomington
45%
Indiana 84,116 B Bloomington
45%
Minnesota 85,332 B Bloomington
45%
Hawaii 47,540 E East Honolulu
45%
New Jersey 128,333 E Elizabeth
45%
Massachusetts 111,306 L Lowell
45%
Florida 189,396 P Port St. Lucie
45%
Nebraska 53,324 B Bellevue
42%
Mississippi 45,906 B Biloxi
42%
Arkansas 87,743 F Fort Smith
42%
Florida 132,127 G Gainesville
42%
Florida 152,511 H Hollywood
42%
Missouri 42,919 J Jefferson City
42%
Idaho 101,905 M Meridian
42%
Mississippi 37,848 M Meridian
42%
Nevada 100,589 S Sparks
42%
Alaska 10,071 W Wasilla
42%
Connecticut 108,276 W Waterbury
42%
Montana 34,770 B Butte
39%
Nevada 54,773 C Carson City
39%
Maryland 70,887 F Frederick
39%
Mississippi 71,676 G Gulfport
39%
New York 767,417 H Hempstead
39%
Alabama 85,175 H Hoover
39%
Colorado 155,146 L Lakewood
39%
New Jersey 102,466 L Lakewood
39%
Kansas 137,618 O Olathe
39%
Idaho 55,525 P Pocatello
39%
Massachusetts 94,207 Q Quincy
39%
Alaska 8,640 S Sitka
39%
New Jersey 74,002 C Camden
35%
Idaho 50,540 C Coeur d'Alene
35%
Maryland 67,742 G Gaithersburg
35%
Missouri 50,386 J Joplin
35%
Louisiana 77,283 L Lake Charles
35%
Idaho 32,664 L Lewiston
35%
Maine 36,095 L Lewiston
35%
Massachusetts 93,743 L Lynn
35%
Nevada 235,087 P Paradise
35%
Florida 170,072 P Pembroke Pines
35%
North Carolina 244,115 W Winston
35%
Louisiana 47,012 A Alexandria
32%
Colorado 118,746 A Arvada
32%
North Carolina 166,268 C Cary
32%
Connecticut 84,619 D Danbury
32%
Alabama 54,478 D Decatur
32%
Alabama 67,894 D Dothan
32%
Mississippi 30,588 G Greenville
32%
North Carolina 91,921 G Greenville
32%
Kentucky 27,683 I Independence
32%
Missouri 117,084 I Independence
32%
Arkansas 76,036 J Jonesboro
32%
Florida 139,468 M Miramar
32%
Kentucky 59,536 O Owensboro
32%
Minnesota 78,134 P Plymouth
32%
Colorado 110,841 P Pueblo
32%
New Mexico 96,210 R Rio Rancho
32%
Michigan 134,797 W Warren
32%
Colorado 112,962 W Westminster
32%
North Carolina 91,560 A Asheville
29%
Maryland 63,195 B Bethesda
29%
Kentucky 67,600 B Bowling Green
29%
Florida 132,568 C Coral Springs
29%
Nevada 171,108 E Enterprise
29%
Arizona 80,371 G Goodyear
29%
Alabama 49,327 M Madison
29%
Mississippi 25,592 M Madison
29%
Arkansas 66,075 N North Little Rock
29%
Connecticut 88,599 N Norwalk
29%
Kentucky 35,133 R Richmond
29%
Maryland 67,542 R Rockville
29%
Colorado 136,868 T Thornton
29%
Minnesota 80,068 B Brooklyn Park
26%
Illinois 87,636 C Champaign
26%
Alaska 12,791 C College
26%
Michigan 94,701 D Dearborn
26%
Illinois 112,653 E Elgin
26%
Michigan 81,214 F Farmington
26%
New Mexico 45,258 F Farmington
26%
Nebraska 51,147 G Grand Island
26%
New York 201,718 H Huntington
26%
Alaska 8,228 K Ketchikan
26%
Kansas 96,369 L Lawrence
26%
Massachusetts 79,942 L Lawrence
26%
New Hampshire 88,815 N Nashua
26%
Massachusetts 95,239 N New Bedford
26%
Connecticut 72,767 N New Britain
26%
Kansas 46,998 S Salina
26%
Georgia 107,072 S Sandy Springs
26%
Maryland 81,773 S Silver Spring
26%
Michigan 132,476 S Sterling Heights
26%
Idaho 48,951 T Twin Falls
26%
Iowa 67,912 W Waterloo
26%
Iowa 66,023 A Ames
23%
Arizona 84,736 A Avondale
23%
Maryland 63,015 B Bowie
23%
New Mexico 29,158 C Carlsbad
23%
New Mexico 38,891 C Clovis
23%
Mississippi 46,098 H Hattiesburg
23%
North Carolina 111,714 H High Point
23%
Nebraska 24,424 N Norfolk
23%
Missouri 87,242 O O'Fallon
23%
New Hampshire 21,775 P Portsmouth
23%
Delaware 11,484 S Smyrna
23%
Georgia 56,268 S Smyrna
23%
Missouri 70,171 S St. Charles
23%
Missouri 75,913 S St. Joseph
23%
Minnesota 69,906 W Woodbury
23%
Illinois 75,482 A Arlington Heights
19%
Delaware 20,850 B Bear
19%
Maine 20,517 B Brunswick
19%
Kansas 27,555 D Dodge City
19%
Illinois 74,587 E Evanston
19%
Nebraska 26,437 F Fremont
19%
North Carolina 75,887 G Gastonia
19%
Maryland 90,582 G Germantown
19%
New Jersey 87,424 H Hamilton
19%
Montana 23,241 K Kalispell
19%
Kansas 55,290 M Manhattan
19%
Georgia 60,544 M Marietta
19%
Delaware 11,111 M Milford
19%
Louisiana 48,241 M Monroe
19%
Mississippi 54,152 S Southaven
19%
Maine 25,548 S South Portland
19%
Michigan 83,989 T Troy
19%
Iowa 65,606 W West Des Moines
19%
Connecticut 63,063 W West Hartford
19%
Arkansas 35,679 B Benton
16%
Arkansas 49,467 B Bentonville
16%
Indiana 97,464 C Carmel
16%
Illinois 82,330 C Cicero
16%
Iowa 58,196 D Dubuque
16%
New Jersey 100,447 E Edison
16%
Connecticut 61,740 F Fairfield
16%
Alabama 40,309 F Florence
16%
Kentucky 32,369 F Florence
16%
New Mexico 21,854 G Gallup
16%
Colorado 105,888 G Greeley
16%
Arkansas 38,559 H Hot Springs
16%
Nebraska 33,464 K Kearney
16%
Indiana 58,145 K Kokomo
16%
Missouri 97,275 L Lee's Summit
16%
Connecticut 59,676 M Meriden
16%
Delaware 21,692 M Middletown
16%
Indiana 68,750 M Muncie
16%
Arkansas 79,598 S Springdale
16%
Illinois 87,297 W Waukegan
16%
Nevada 28,231 W Winchester
16%
Georgia 65,590 A Alpharetta
13%
Idaho 54,887 C Caldwell
13%
Michigan 91,920 C Canton
13%
Colorado 110,218 C Centennial
13%
Missouri 47,605 C Chesterfield
13%
New Jersey 85,204 C Clifton
13%
Michigan 100,406 C Clinton
13%
Mississippi 25,131 C Clinton
13%
Kentucky 40,548 C Covington
13%
Minnesota 66,379 E Eagan
13%
Maryland 72,665 E Ellicott City
13%
Indiana 90,332 F Fishers
13%
Indiana 76,547 H Hammond
13%
New Mexico 38,375 H Hobbs
13%
Hawaii 37,586 K Kailua
13%
Louisiana 66,777 K Kenner
13%
Kansas 36,064 L Leavenworth
13%
Michigan 94,249 L Livonia
13%
Minnesota 70,627 M Maple Grove
13%
Idaho 25,319 M Moscow
13%
Mississippi 26,962 O Oxford
13%
New Jersey 70,019 P Passaic
13%
Arkansas 43,091 P Pine Bluff
13%
Idaho 33,225 P Post Falls
13%
Minnesota 68,001 S St. Cloud
13%
Indiana 60,673 T Terre Haute
13%
Mississippi 38,271 T Tupelo
13%
Hawaii 39,469 W Waipahu
13%
Maryland 75,489 W Waldorf
13%
Alaska 18,911 B Badger
10%
Minnesota 64,114 B Blaine
10%
Louisiana 68,248 B Bossier City
10%
Connecticut 60,218 B Bristol
10%
Iowa 62,355 C Council Bluffs
10%
New Hampshire 33,448 D Derry
10%
Minnesota 64,179 E Eden Prairie
10%
Massachusetts 89,388 F Fall River
10%
Missouri 51,455 F Florissant
10%
Massachusetts 72,308 F Framingham
10%
Maryland 69,872 G Glen Burnie
10%
Connecticut 62,587 G Greenwich
10%
Louisiana 33,334 H Houma
10%
New Hampshire 25,356 H Hudson
10%
New York 331,499 I Islip
10%
Georgia 83,999 J Johns Creek
10%
Minnesota 63,915 L Lakeville
10%
New Hampshire 25,927 L Londonderry
10%
Colorado 94,445 L Longmont
10%
Iowa 39,328 M Marion
10%
Louisiana 142,135 M Metairie
10%
Indiana 63,071 N Noblesville
10%
Nebraska 23,892 N North Platte
10%
Nebraska 14,737 S Scottsbluff
10%
Massachusetts 80,906 S Somerville
10%
Georgia 96,283 S South Fulton
10%
Nevada 193,781 S Sunrise Manor
10%
Maryland 57,817 T Towson
10%
New Jersey 100,089 W Woodbridge
10%
New Mexico 31,384 A Alamogordo
6%
Iowa 61,938 A Ankeny
6%
Iowa 35,919 B Bettendorf
6%
Missouri 54,850 B Blue Springs
6%
Illinois 74,431 B Bolingbrook
6%
New Jersey 75,342 B Brick
6%
Arkansas 66,127 C Conway
6%
Minnesota 62,517 C Coon Rapids
6%
Idaho 26,514 E Eagle
6%
Kentucky 29,620 E Elizabethtown
6%
Alabama 35,486 G Gadsden
6%
Indiana 57,764 G Greenwood
6%
Massachusetts 63,533 H Haverhill
6%
Montana 9,786 H Havre
6%
Kansas 40,914 H Hutchinson
6%
Hawaii 31,336 K Kahului
6%
Alaska 17,457 K Knik-Fairview
6%
Nebraska 17,078 L La Vista
6%
Montana 8,487 M Miles City
6%
Mississippi 37,461 O Olive Branch
6%
Alabama 36,516 P Phenix City
6%
Idaho 28,414 R Rexburg
6%
Arkansas 66,344 R Rogers
6%
Arkansas 29,193 R Russellville
6%
Kansas 65,540 S Shawnee
6%
New Mexico 17,081 S Sunland Park
6%
New Jersey 92,325 T Toms River
6%
Georgia 76,115 W Warner Robins
6%
Maine 16,577 W Waterville
6%
New York 125,509 A Amherst
3%
Idaho 15,859 A Ammon
3%
Montana 9,106 A Anaconda
3%
New York 211,207 B Babylon
3%
Nebraska 12,300 B Beatrice
3%
New Hampshire 22,535 B Bedford
3%
Montana 8,685 B Belgrade
3%
Maine 21,462 B Biddeford
3%
North Carolina 60,998 C Chapel Hill
3%
Maryland 63,015 D Dundalk
3%
Hawaii 25,641 E Ewa Gentry
3%
Kansas 26,647 G Garden City
3%
Kentucky 33,605 G Georgetown
3%
Delaware 14,359 G Glasgow
3%
Connecticut 60,982 H Hamden
3%
Nebraska 24,906 H Hastings
3%
Montana 8,448 H Helena Valley Southeast
3%
Montana 8,082 H Helena Valley West Central
3%
Colorado 105,631 H Highlands Ranch
3%
Delaware 13,157 H Hockessin
3%
Hawaii 33,841 K Kaneohe
3%
New Hampshire 22,953 K Keene
3%
Alaska 7,742 K Kenai
3%
Idaho 19,580 K Kuna
3%
Alaska 10,206 L Lakes
3%
Kansas 54,011 L Lenexa
3%
Montana 8,066 L Lockwood
3%
New Mexico 15,589 L Los Lunas
3%
Colorado 76,972 L Loveland
3%
Alaska 8,149 M Meadow Lakes
3%
Louisiana 29,456 N New Iberia
3%
Massachusetts 88,593 N Newtown
3%
Kentucky 30,301 N Nicholasville
3%
New York 297,822 O Oyster Bay
3%
Nevada 37,298 P Pahrump
3%
Nebraska 20,423 P Papillion
3%
Delaware 7,613 P Pike Creek
3%
Alabama 35,925 P Prattville
3%
Maine 19,497 S Saco
3%
Maine 21,073 S Sanford
3%
Delaware 7,715 S Seaford
3%
Arkansas 31,004 S Sherwood
3%
Nebraska 12,896 S South Sioux City
3%
New Mexico 40,080 S South Valley
3%
Nevada 207,127 S Spring Valley
3%
Arizona 96,692 S Sun Tan Valley
3%
Nevada 21,159 S Sun Valley
3%
Alaska 10,464 T Tanaina
3%
Arkansas 29,901 T Texarkana
3%
Iowa 43,441 U Urbandale
3%
Alabama 34,307 V Vestavia Hills
3%
Michigan 81,938 W Westland
3%
Nevada 42,973 W Whitney
3%
Delaware 7,903 W Wilmington Manor
3%
Maryland 53,049 A Aspen Hill
0%
Massachusetts 95,594 B Bockton
0%
New York 483,546 B Brookhaven
0%
Delaware 13,396 B Brookside
0%
Iowa 40,983 C Ceder Falls
0%
New Mexico 14,437 C Chaparral
0%
New Jersey 70,965 C Cherry Hill
0%
Delaware 9,330 C Claymont
0%
Montana 8,002 E Evergreen
0%
New Hampshire 18,061 G Goffstown
0%
Maine 17,582 G Gorham
0%
Kentucky 31,056 H Hopkinsville
0%
Mississippi 27,080 H Horn Lake
0%
Kentucky 28,035 J Jeffersontown
0%
Alaska 8,581 K Kalifornsky
0%
Hawaii 21,674 K Kapolei
0%
Hawaii 22,402 K Kihei
0%
Louisiana 29,108 L Laplace
0%
Kansas 34,670 L Leawood
0%
Michigan 89,230 M Macomb
0%
Hawaii 19,775 M Makakilo
0%
Louisiana 30,894 M Marrero
0%
New Hampshire 25,987 M Marrimack
0%
Hawaii 20,090 M Mililani Mauka
0%
Hawaii 27,562 M Mililani Town
0%
New York 230,531 N North Hempstead
0%
Delaware 10,989 P Pike Creek Valley
0%
Louisiana 31,974 P Prairieville
0%
New York 135,560 R Ramapo
0%
Maine 20,146 S Scarborough
0%
Hawaii 19,499 S Scholfield Barracks
0%
New York 116,669 S Smithtown
0%
Mississippi 25,387 S Starkville
0%
Alaska 7,704 S Steele Creek
0%
Nevada 27,908 S Summerlin South
0%
Maine 18,633 W Westbrook
0%
Maine 18,195 W Windham
0%
No matching quizzes found
Score Distribution
Percent of People with Each Score
Percentile by Number Answered
Your Score History
You have not taken this quiz